000 00258nam a2200109Ia 4500
005 20251222114412.0
008 251222s1900||||xx |||||||||||||| ||spa||
082 _aDVD0070/D25/1994/Ej.2
245 0 _aSueƱo de fuga
264 _bColumbia Pictures
942 _cDVD
999 _c2093
_d2093